| 000 | 00593nam a2200205 a 4500 | ||
|---|---|---|---|
| 001 | 3037 | ||
| 003 | CO-ViMGA | ||
| 008 | 141112s2004 ck r 000 u spa d | ||
| 040 |
_aCO-ViMGA _bspa _cCO-ViMGA |
||
| 082 | _aR540 M853 | ||
| 245 | 1 | 0 | _aEl mundo de la química. curso teórico - práctico |
| 260 |
_aBarcelona : _bOceano, _c1988 |
||
| 300 | _a2 v : il | ||
| 590 | _aDatos de inventario : 05297, 05298 | ||
| 650 | 1 | 4 |
_aECUACIONES QUIMICAS _96201 |
| 650 | 1 | 4 |
_aQUIMICA - ENCICLOPEDIAS _96202 |
| 650 | 1 | 4 |
_aQUIMICA INORGANICA _96203 |
| 650 | 1 | 4 |
_aQUIMICA ORGANICA _95570 |
| 942 |
_2ddc _cBK |
||
| 999 |
_c11330 _d11330 |
||